| 000 | 00915nac a22002657a 4500 | ||
|---|---|---|---|
| 001 | BR2014001483 | ||
| 003 | BR-BrBNA | ||
| 005 | 20240105124011.0 | ||
| 008 | 230509b bl.|||m| |||| 00| 0 por d | ||
| 040 |
_aBR-BrBNA _bpor _cBiblioteca Nacional de Agricultura |
||
| 072 | _aP32 | ||
| 090 | _aP32 BR2014001483 | ||
| 100 | 1 | _aLima, J.M.D. de | |
| 110 | 1 |
_aInstituto Anchietano de Pesquisas, São Leopoldo, RS (Brasil) _95670 |
|
| 245 | 1 | _aA fauna do estrago no Brejo da Madre dwe Deus, PE | |
| 260 | 3 |
_aSão Leopoldo, RS (Brasil): _c2012. |
|
| 300 | _a159 p. | ||
| 490 |
_aPesquisas. Antropologia - Instituto Anchietano de Pesquisas (Brazil) _vno. 69 _xISSN 0553-8467 |
||
| 500 | _aSummaries (En, Pt); 28 illus.; Bibliography p. 108-114 | ||
| 650 | _aGEOLOGIA | ||
| 650 | _aCLASSIFICAÇAO DO SOLO | ||
| 650 | _aPALEONTOLOGIA | ||
| 909 |
_a202312 _bLúcia Elande _c55 _dLúcia Elande |
||
| 942 |
_2AGRIS _n0 _cMS |
||
| 999 |
_c297917 _d297917 |
||